MENOPAUSE CURRENT CONCEPTS (Record no. 14623)

MARC details
000 -LEADER
fixed length control field 00258nam a22001217a 4500
003 - CONTROL NUMBER IDENTIFIER
control field SGT
082 ## - DEWEY DECIMAL CLASSIFICATION NUMBER
Classification number 616.5
Item number M09P
100 ## - MAIN ENTRY--PERSONAL NAME
Personal name PURANDARE, C.N.
245 ## - TITLE STATEMENT
Title MENOPAUSE CURRENT CONCEPTS
260 ## - PUBLICATION, DISTRIBUTION, ETC. (IMPRINT)
Place of publication, distribution, etc INDIA
Name of publisher, distributor, etc JAYPEE
Year of Publication 2009
300 ## - PAGE DESCRIPTION
No. of Pages 277
942 ## - ADDED ENTRY ELEMENTS (KOHA)
Source of classification or shelving scheme Dewey Decimal Classification
Koha item type Books
Holdings
Withdrawn status Lost status Source of classification or shelving scheme Damaged status Not for loan Collection code Home library Current library Shelving location Date acquired Vendor Name SGTU Full call number Accession No. (Barcode) Date last seen Bill Date Koha item type Cost, normal purchase price Bill Number
    Dewey Decimal Classification   Not For Loan MEDICAL SGT Medical Library SGT Medical Library Text Book 18/01/2018 ABC SGTU 616.5 M09P FM9466 18/01/2018 18/01/2018 Books    
    Dewey Decimal Classification   Not For Loan MEDICAL SGT Medical Library SGT Medical Library   04/09/2025 ABC DELHI SGTU 616.5 M09P FM15538 24/10/2025 02/09/2017 Books 695.00 8707